000 00761nam a2200229 u 4500
005 20240229063542.0
008 080724s2004 ag r 000 0 spa d
020 _a9500828782(10 dígitos)
020 _a9789500828789 (13 dígitos)
035 _aUPN01000158076
049 _aI
050 4 _aPZ71
_bC5.36
100 1 _aCinetto de González, Liliana Cristina,
_d1967-
_932491
245 1 0 _aCosquillas en la nariz /
_cLiliana Cinetto ; il. Héctor Borlasca
260 _aBuenos Aires :
_bAtlántida,
_cc2004.
300 _a[26] p. :
_bprincipalmente il. col.
440 0 _aEsas cosas no se hacen
650 4 _aLibros y lectura para niños
_92290
650 4 _aLiteratura infantil argentina
_97511
700 1 _aBorlasca, Héctor,
_eil.
905 _aInfantil
999 _c130190
_d130190